LEADER 00830nam a2200205 i 4500 001 000000016084 003 CaOOAMICUS 005 20180830125443.0 008 180830s2005 it u000 u ita u 020 $a88-8272-238-4 040 $aSeMil$bita 245 10$aEugenio Corecco :$bun vescovo e la sua chiesa /$ca cura di Ernesto William Volonté. 260 $aSiena :$bCantagalli,$c2005. 300 $a2 v. ;$c24 cm. 500 $aOpera in cofanetto. 600 14$aCorecco, Eugenio .$0(OLS)http://semarc/subject/2633 700 1 $aVolonté, Ernesto William.$0(OLS)http://semarc/name/7189 996 $6020$a88-8272-238-4$9(OLS)http://semarc/number/1060 996 $6245$aEugenio Corecco :$bun vescovo e la sua chiesa$9(OLS)http://semarc/title/21292 996 $6260$aSiena :$bCantagalli$9(OLS)http://semarc/publisher/29767 LEADER 01204nam a2200229 i 4500 001 000000081404 003 CaOOAMICUS 005 20180208000000.0 008 180208s1999 it u000 u ita u 013 $a53644 040 $aSeMil$bita 100 1 $aPlotti, Alessandro,$c.$0(OLS)http://semarc/name/49661 245 10$aGesù di Nazareth compie duemila anni :$blettera pastorale al clero e ai fedeli della Chiesa pisana nell'imminenza dell'Anno Santo 2000 /$cAlessandro Plotti Arcivescovo di Pisa. 260 $aPisa :$bArcidiocesi di Pisa, Comitato per il Giubileo del 2000,$c1999. 300 $a35 p. ;$c21 cm. 500 $aIn mezzo al front : Dedica. 650 4$aVescovi - Lettere pastorali.$0(OLS)http://semarc/subject/746 850 $aSeMil 852 $aSeMil$W1$xVenegono$y1$m5D IX 24/24$j46649$B46649$CSeMilBibl$Z2$F49003 $81 961 $aLascito: Villa mons. Luigi 996 $6245$aGesù di Nazareth compie duemila anni :$blettera pastorale al clero e ai fedeli della Chiesa pisana nell'imminenza dell'Anno Santo 2000$9(OLS)http://semarc/title/404507 996 $6260$aPisa :$bArcidiocesi di Pisa, Comitato per il Giubileo del 2000$9(OLS)http://semarc/publisher/56628